|
|
|
|
| LEADER |
00576cam a2200169 7i4500 |
| 001 |
0000031739 |
| 005 |
20141002090000.0 |
| 020 |
0 |
0 |
|a 9789833196371
|
| 090 |
0 |
0 |
|a MAT 382.6
|b MAL
|
| 110 |
2 |
0 |
|a Malaysia External Trade Development Corporation (MATRADE)
|
| 245 |
1 |
0 |
|a Panduan asas mengeksport.
|
| 250 |
0 |
0 |
|a 2nd ed..
|
| 260 |
0 |
0 |
|a Kuala Lumpur:
|b MATRADE,
|c 2014.
|
| 300 |
# |
# |
|a 40 p.
|
| 650 |
0 |
0 |
|a Exporters --
|x Guidebooks --
|z Malaysia
|
| 999 |
|
|
|a 0000034778
|b Book
|c MATRADEs Collection
|e Business Information Centre
|
| 999 |
|
|
|a 0000034777
|b Book
|c MATRADEs Collection
|e Business Information Centre
|